000 00709nam a2200253Ia 4500
003 OSt
005 20220918190330.0
006 a|||||r|||| 00| 0
007 ta
008 220917b |||||||| |||| 00| 0 eng d
024 _a56,158
037 _cTextual
040 _aARTS
_cARTS
_beng
041 _2eng
_aeng
082 _aP677,C:18, J8 (PD)
100 _aBudge E A Wallis
_972039
245 0 _aEgyptan language
_b easy lessons in Egyptian hieroglyphics with sign list
250 _a7th
260 _aLondon
_bRoutledge
_c1958
300 _aviii,246p.
_ccm.
650 _aLINGUISTICS
942 _hP677,C:18, J8 (PD)
_cTEXL
_2CC
999 _c184491
_d184491